Estudio del valor amilolítico del lactante en relación con su alimentación (Record no. 136042)

MARC details
000 -LEADER
campo de control de longitud fija 00718nam a2200193 4500
001 - NÚMERO DE CONTROL
campo de control 136042
003 - IDENTIFICADOR DE NÚMERO DE CONTROL
campo de control ES-MaACL
005 - FECHA Y HORA DE LA ÚLTIMA TRANSACCIÓN
campo de control 20250717081030.0
007 - CAMPO FIJO DE DESCRIPCIÓN FÍSICA--INFORMACIÓN GENERAL
campo de control de longitud fija t|
008 - DATOS DE LONGITUD FIJA--INFORMACIÓN GENERAL
campo de control de longitud fija 070214s1941 sp r ||||1| spa d
100 1# - ENTRADA PRINCIPAL--NOMBRE DE PERSONA
Nombre de persona Ruiz Marín, Alfonso.
9 (RLIN) 100863
245 10 - MENCIÓN DEL TÍTULO
Título Estudio del valor amilolítico del lactante en relación con su alimentación
Resto del título : tesis doctoral /
Mención de responsabilidad, etc. por José Alfonso Ruiz Marín.
260 ## - PUBLICACIÓN, DISTRIBUCIÓN, ETC.
Lugar de publicación, distribución, etc. Madrid :
Nombre del editor, distribuidor, etc. [s. n.],
Fecha de publicación, distribución, etc. 1941 (
Fabricante Gráf. Unión)
300 ## - DESCRIPCIÓN FÍSICA
Extensión 30 p. ;
Dimensiones 22 cm.
500 ## - NOTA GENERAL
Nota general Tesis de la Universidad Central (Madrid), Facultad de Medicina, 1941.
710 2# - ENTRADA AGREGADA--NOMBRE DE ENTIDAD CORPORATIVA
Nombre de entidad corporativa o nombre de jurisdicción como elemento de entrada Universidad Central (Madrid).
Unidad subordinada Facultad de Medicina
9 (RLIN) 7093
852 ## - LOCALIZACIÓN
Ubicación ES-MaACL
Número de control de estantería 1832-F-4
Sublocalización o colección R.19241
Holdings
Estatus retirado Estado de pérdida Estado de daño No para préstamo Colección Biblioteca de origen Biblioteca actual Ubicación en estantería Fecha de adquisición Fuente de adquisición Total de préstamos Signatura topográfica completa Código de barras Visto por última vez Precio de reemplazo Tipo de ítem Koha
        Colección de folletos Biblioteca del Ateneo de Madrid Biblioteca del Ateneo de Madrid Depósito folletos 17/01/2008     1832-F-4 1141589 23/02/2023 23/02/2023 Folleto